Zu wirtschaftswissenschaftlichen Erkenntnissen und Kontroversen im Dialog über die Ost-West-Wirtschaftsbeziehungen in Europa

Gespeichert in:
Bibliographische Detailangaben
Format: Buch
Sprache:Deutsch
Veröffentlicht: Berlin Hochschule für Ökonomie "Bruno Leuschner" 1988
Ausgabe:1. Aufl.
Schriftenreihe:Forschungsinformation Heft 9
Tags: Tag hinzufügen
Keine Tags, Fügen Sie das erste Tag hinzu!

MARC

LEADER 00000nam a2200000 4500
001 c025474
005 20221206134656.6
041 0 |a ger 
044 |a DE 
245 1 0 |a Zu wirtschaftswissenschaftlichen Erkenntnissen und Kontroversen im Dialog über die Ost-West-Wirtschaftsbeziehungen in Europa 
250 |a 1. Aufl. 
264 1 |a Berlin  |b Hochschule für Ökonomie "Bruno Leuschner"  |c 1988 
300 |a 74 s. 
490 1 |a Forschungsinformation  |v Heft 9 
830 0 |a Forschungsinformation  |v Heft 9